Anciens Logos de Football #1 - Statistiques

Statistiques générales
  • Ce quiz a été pris 554 fois
  • Le résultat moyen est 14 sur 16
Statistiques - réponses
Par images Réponse % Correct
Borussia Dortmund
97%
Chelsea
97%
Juventus
96%
Inter Milan
95%
Arsenal
93%
Benfica
93%
Liverpool
93%
Manchester City
93%
Real Madrid
93%
Athletic Bilbao
90%
Olympique Marseille
89%
Paris Saint-Germain
89%
Bayern Munich
88%
Ajax Amsterdam
86%
Tottenham Hotspur
77%
AS Roma
76%
Aucun quiz correspondant
Distribution des résultats
% des personnes avec chaque résultat
Percentile par nombre de réponses
Votre historique - résultats
Vous n’avez pas pris ce quiz